Geography Quiz

Random Geography or City Quiz
Score 0/37 Timer 20:00
0 Plays Today
Airport City % Correct
Washington Dulles International AirportDulles/Sterling, Virginia
51.4%
San Francisco International AirportSan Mateo County, California
23.9%
Vancouver International AirportRichmond, British Columbia
19%
McCarran International AirportParadise, Nevada
19%
Hong Kong International AirportChek Lap Kok
13.4%
Ministro Pistarini International AirportEzeiza
12.7%
Barcelona AirportEl Prat de Llobregat
12%
Ben Gurion International AirportAirport City
9.9%
Minneapolis-Saint Paul Wold Chamberlain International AirportFort Snelling, Minnesota
9.9%
Copenhagen AirportKastrup
9.2%
Kuala Lumpur International AirportSepang
8.5%
Amsterdam Airport SchipholHaarlemmermeer
7%
Brussels AirportZaventem
5.6%
Benazir Bhutto International AirportRawalpindi
4.2%
Juan Santamaría International AirportAlajuela
4.2%
Sydney AirportMascot
4.2%
Southwest Florida International AirportSouth Fort Myers, Florida
2.1%
Franz Josef Strauss AirportFreising
1.4%
Philip S.W. Goldson International AirportLadyville
1.4%
Airport City % Correct
Soekarno-Hatta International AirportTangerang
1.4%
Léopold Sédar Senghor International AirportYoff
1.4%
OR Tambo International AirportEkurhuleni
0.7%
Elefthérios Venizélos Athens International AirportSpata
0.7%
Norman Manley International AirportPalisadoes
0.7%
Johan Adolf Pengel International AirportZanderij
0.7%
Prince Said Ibrahim International AirportHahaya
0%
Québec City Jean Lesage International AirportSainte-Foy, Quebec
0%
Murtala Muhammed International AirportIkeja
-0.7%
Tripoli International AirportBen Ghashir
-0.7%
Alfonso Bonilla Aragón International AirportPalmira
-0.7%
Moi International AirportPort Reitz
-0.7%
Skopje Alexander the Great AirportPetrovec
-0.7%
Houari Boumediene AirportDar El Beïda
-0.7%
Comodoro Arturo Merino Benítez International AirportPudahuel
-0.7%
Yangon International AirportMingaladon Township
-0.7%
Sir Seewoosagur Ramgoolam International AirportPlaine Magnien
-0.7%
Don Miguel Hidalgo y Costilla International AirportTlajomulco de Zuñiga
-0.7%

You're not logged in!

Compare scores with friends on all Sporcle quizzes.
OR
Log In

Sporcle TV

Today on Sporcle TV


Watch our educational content, quiz creation guides, and fun videos on Sporcle TV.

Show Comments

Extras

Top Quizzes Today


Score Distribution

Paid Content

Your Account Isn't Verified!

In order to create a playlist on Sporcle, you need to verify the email address you used during registration. Go to your Sporcle Settings to finish the process.

Report this User

Report this user for behavior that violates our Community Guidelines.

Details: